Bluetooth application developer's guide(E-BOOK) (Record no. 192669)

000 -LEADER
fixed length control field 01178 a2200241 4500
003 - CONTROL NUMBER IDENTIFIER
control field Nust
005 - DATE AND TIME OF LATEST TRANSACTION
control field 20170207154042.0
020 ## - INTERNATIONAL STANDARD BOOK NUMBER
International Standard Book Number 1-928994-42-3 (hft.) ;
040 ## - CATALOGING SOURCE
Transcribing agency Nust
082 0# - DEWEY DECIMAL CLASSIFICATION NUMBER
Classification number 621.3981
245 00 - TITLE STATEMENT
Title Bluetooth application developer's guide(E-BOOK)
Remainder of title the short range interconnect solution /
Statement of responsibility, etc. David Kammer ...
260 ## - PUBLICATION, DISTRIBUTION, ETC.
Place of publication, distribution, etc. Rockland, Mass. :
Name of publisher, distributor, etc. Syngress Media ;
Place of publication, distribution, etc. London :
Name of publisher, distributor, etc. International Thomson,
Date of publication, distribution, etc. cop. 2002
300 ## - PHYSICAL DESCRIPTION
Extent xxviii, 526 s. :
Other physical details ill.
505 ## - FORMATTED CONTENTS NOTE
Formatted contents note Introducing Bluetooth Applications (Page-1) Exploring The Foundations Of Bluetooth (Page-69) Power Management (Page-103) Security Management (Page-125) Service Discovery (Page-167) Linux Bluetooth Development (Page-211) Embedding Bluetooth Applications (Page-265) Using The Palm OS For Bluetooth Applications (Page-317) Designing An Audio Application (Page-379) Personal Information Base Case Study (Page-419)
650 #0 - SUBJECT ADDED ENTRY--TOPICAL TERM
Topical term or geographic name entry element Bluetooth
650 #0 - SUBJECT ADDED ENTRY--TOPICAL TERM
Topical term or geographic name entry element Bluetooth technology
650 #0 - SUBJECT ADDED ENTRY--TOPICAL TERM
Topical term or geographic name entry element Bluetooth technology ; Bluetooth technology (Standard)
650 #0 - SUBJECT ADDED ENTRY--TOPICAL TERM
Topical term or geographic name entry element Computer network protocols
650 #0 - SUBJECT ADDED ENTRY--TOPICAL TERM
Topical term or geographic name entry element Data transmission systems
650 #0 - SUBJECT ADDED ENTRY--TOPICAL TERM
Topical term or geographic name entry element Datakommunikation
651 ## - SUBJECT ADDED ENTRY--GEOGRAPHIC NAME
Geographic name E-BOOK
700 1# - ADDED ENTRY--PERSONAL NAME
Personal name Kammer, David
Relator code aut
942 ## - ADDED ENTRY ELEMENTS (KOHA)
Source of classification or shelving scheme
Koha item type Book
Holdings
Withdrawn status Lost status Source of classification or shelving scheme Damaged status Not for loan Collection code Permanent Location Current Location Date acquired Total Checkouts Full call number Barcode Date last seen Price effective from Koha item type
            Military College of Signals (MCS) Military College of Signals (MCS) 12/12/2016   621.3981 KAM MCSEB-2197 12/08/2016 12/12/2016 Book
© 2023 Central Library, National University of Sciences and Technology. All Rights Reserved.